[Event "Olympiad Women-41"]
[Site "Tromsoe"]
[Date "2014.08.10"]
[Round "8.3"]
[White "Guo, Emma"]
[Black "Stojanovic, Andjelija"]
[Result "0-1"]
[WhiteElo "2044"]
[BlackElo "2297"]
[PlyCount "80"]
[EventDate "2014.08.02"]
[EventType "team-swiss"]
[EventRounds "11"]
[EventCountry "NOR"]
[SourceTitle "CBM 162"]
[Source "ChessBase"]
[SourceDate "2014.09.17"]
[SourceVersion "1"]
[SourceVersionDate "2014.09.17"]
[SourceQuality "1"]
[WhiteTeam "Australia (W)"]
[BlackTeam "Serbia (W)"]
[WhiteTeamCountry "AUS"]
[BlackTeamCountry "SRB"]

1. d4 d6 2. Nf3 Nf6 3. g3 g6 4. Bg2 Bg7 5. c4 0-0 6. 0-0 Nc6 7. Nc3 Bf5 8. Ne1 Na5 9. e4 Bg4 10. f3 Bd7 11. Qe2 c5 12. d5 a6 13. f4 e6 14. e5 Ne8 15. Nf3 exd5 16. cxd5 Bg4 17. h3 Bxf3 18. Bxf3 Nc7 19. exd6 Ne8 20. Be3 b6 21. Ne4 Nxd6 22. Nxd6 Qxd6 23. Rfe1 Rfe8 24. Rad1 Re7 25. Qc2 Rae8 26. Bf2 h5 27. h4 Nb7 28. Rxe7 Rxe7 29. Re1 Rxe1+ 30. Bxe1 Qe7 31. Bf2 Nd6 32. b4 Bd4 33. bxc5 bxc5 34. Bxd4 Qe1+ 35. Kg2 cxd4 36. Qe2 Qc3 37. Be4 Nxe4 38. Qxe4 d3 39. Kf2 d2 40. Ke2 Qc1 0-1

[Event "Warsaw Najdorf Memorial op-B 12th"]
[Site "Warsaw"]
[Date "2014.07.18"]
[Round "5"]
[White "Karpus, Michal"]
[Black "Guo, Emma"]
[Result "1-0"]
[WhiteElo "1881"]
[BlackElo "1997"]
[PlyCount "89"]
[EventDate "2014.07.14"]
[EventType "swiss"]
[EventRounds "9"]
[EventCountry "POL"]
[SourceTitle "EXT 2016"]
[Source "ChessBase"]
[SourceDate "2015.10.08"]
[SourceVersion "1"]
[SourceVersionDate "2015.10.08"]
[SourceQuality "1"]

1. e4 e5 2. Nf3 Nc6 3. Bc4 Bc5 4. c3 Nf6 5. d3 d6 6. Nbd2 a6 7. Bb3 0-0 8. 0-0 h6 9. h3 Re8 10. Re1 Be6 11. Nf1 d5 12. Ng3 Qd7 13. Bc2 Rad8 14. Qe2 b5 15. Nh4 dxe4 16. dxe4 Bxh3 17. gxh3 Qxh3 18. Nhf5 Ng4 19. Be3 Bf8 20. Nf1 Re6 21. Bb3 Rg6 22. N5g3 h5 23. Qf3 Nf6 24. Qf5 Rg4 25. Nh2 Ne7 26. Qf3 Rg6 27. Kh1 Nc8 28. Nf5 Qxf3+ 29. Nxf3 Nxe4 30. Nxe5 Rf6 31. Nxf7 Rxf7 32. Rg1 g6 33. Rxg6+ Kh7 34. Bxf7 Ncd6 35. Nxd6 Nxd6 36. Rxd6 Rxd6 37. Rg1 Bg7 38. Bxh5 b4 39. cxb4 Bxb2 40. Rd1 Rxd1+ 41. Bxd1 Ba3 42. Bd2 Kg6 43. Be2 c5 44. bxc5 Bxc5 45. Kg2 1-0

[Event "Sydney op"]
[Site "Sydney"]
[Date "2014.04.26"]
[Round "8"]
[White "Guo, Emma"]
[Black "Zepeda, Lorena"]
[Result "1/2-1/2"]
[WhiteElo "2022"]
[BlackElo "2162"]
[PlyCount "59"]
[EventDate "2014.04.23"]
[EventType "swiss"]
[EventRounds "9"]
[EventCountry "AUS"]
[SourceTitle "CBM 160 Extra"]
[Source "ChessBase"]
[SourceDate "2014.07.01"]
[SourceVersion "1"]
[SourceVersionDate "2014.07.01"]
[SourceQuality "1"]

1. d4 Nf6 2. c4 g6 3. Nc3 Bg7 4. e4 d6 5. h3 0-0 6. Bg5 Na6 7. Nf3 Qe8 8. Be2 e5 9. d5 Nh5 10. g3 f5 11. Qc2 fxe4 12. Nxe4 Bf5 13. Nfd2 Nf6 14. Bd3 Qd7 15. g4 Nb4 16. Qb3 Nxd3+ 17. Qxd3 Bxe4 18. Nxe4 Nxe4 19. Qxe4 b5 20. 0-0 bxc4 21. Rac1 Qb5 22. Qxc4 Qxb2 23. Rc2 Qa3 24. Rc3 Qa5 25. Qxc7 Qxd5 26. Be7 Rac8 27. Qxc8 Rxc8 28. Rxc8+ Kf7 29. Rc7 Ke6 30. Rfc1 1/2-1/2

[Event "Graz Casino op-A"]
[Site "Graz"]
[Date "2014.02.21"]
[Round "9"]
[White "Schnider, Gert"]
[Black "Guo, Emma"]
[Result "1-0"]
[WhiteElo "2378"]
[BlackElo "1997"]
[PlyCount "111"]
[EventDate "2014.02.14"]
[EventType "swiss"]
[EventRounds "9"]
[EventCountry "AUT"]
[SourceTitle "CBM 158 Extra"]
[Source "ChessBase"]
[SourceDate "2014.02.28"]
[SourceVersion "1"]
[SourceVersionDate "2014.02.28"]
[SourceQuality "1"]

1. e4 e5 2. Nf3 Nc6 3. Bb5 a6 4. Ba4 Nf6 5. 0-0 Be7 6. Re1 b5 7. Bb3 0-0 8. c3 d5 9. exd5 Nxd5 10. Nxe5 Nxe5 11. Rxe5 Bb7 12. Qf3 Bd6 13. Bxd5 c6 14. Re1 cxd5 15. d4 Qh4 16. g3 Qh3 17. Bf4 Qf5 18. Kg2 Bxf4 19. Qxf4 Qxf4 20. gxf4 Rae8 21. Nd2 Bc8 22. Re5 f6 23. Re3 Rxe3 24. fxe3 Re8 25. Kf2 Bf5 26. Nb3 Rb8 27. Ke2 Kf7 28. Kd2 g5 29. fxg5 fxg5 30. Rf1 Kg6 31. Nc5 Rb6 32. e4 dxe4 33. Re1 g4 34. Nxe4 Bxe4 35. Rxe4 Kf5 36. Ke3 Rh6 37. Rf4+ Kg5 38. Rf2 Re6+ 39. Kd3 h5 40. d5 Re8 41. b3 h4 42. c4 g3 43. hxg3 hxg3 44. Re2 Rf8 45. d6 bxc4+ 46. bxc4 Rf3+ 47. Kd4 Rf4+ 48. Kd5 Rf2 49. Re8 g2 50. Rg8+ Kf6 51. Kc6 Kf7 52. Rg3 Rxa2 53. d7 Ke7 54. Re3+ Kf7 55. d8Q g1Q 56. Re7+ 1-0

[Event "Graz Casino op-A"]
[Site "Graz"]
[Date "2014.02.18"]
[Round "6"]
[White "Guo, Emma"]
[Black "Jicman, Ligia Letitia"]
[Result "1-0"]
[WhiteElo "1997"]
[BlackElo "2166"]
[PlyCount "65"]
[EventDate "2014.02.14"]
[EventType "swiss"]
[EventRounds "9"]
[EventCountry "AUT"]
[SourceTitle "CBM 158 Extra"]
[Source "ChessBase"]
[SourceDate "2014.02.28"]
[SourceVersion "1"]
[SourceVersionDate "2014.02.28"]
[SourceQuality "1"]

1. d4 d5 2. c4 c6 3. cxd5 cxd5 4. Bf4 Nc6 5. e3 Nf6 6. Nc3 Bf5 7. Qb3 Qb6 8. Qxb6 axb6 9. Nf3 e6 10. Bb5 Bb4 11. Ke2 Bg4 12. a3 Bxc3 13. bxc3 0-0 14. h3 Bf5 15. Nd2 Rfc8 16. Rhc1 Ne4 17. Nxe4 Bxe4 18. f3 Bg6 19. Ra2 f6 20. a4 Be8 21. Rb2 Kf7 22. c4 Ke7 23. cxd5 Nxd4+ 24. exd4 Bxb5+ 25. axb5 Rxc1 26. Bxc1 exd5 27. Bf4 Kd7 28. Rc2 g5 29. Rc7+ Ke6 30. Bd2 Ra4 31. Rxb7 Rxd4 32. Rxb6+ Ke7 33. Rc6 1-0

[Event "Graz Casino op-A"]
[Site "Graz"]
[Date "2014.02.17"]
[Round "5"]
[White "Hapala, Elisabeth"]
[Black "Guo, Emma"]
[Result "0-1"]
[WhiteElo "2054"]
[BlackElo "1997"]
[PlyCount "64"]
[EventDate "2014.02.14"]
[EventType "swiss"]
[EventRounds "9"]
[EventCountry "AUT"]
[SourceTitle "CBM 158 Extra"]
[Source "ChessBase"]
[SourceDate "2014.02.28"]
[SourceVersion "1"]
[SourceVersionDate "2014.02.28"]
[SourceQuality "1"]

1. e4 e5 2. Nf3 Nc6 3. Bb5 a6 4. Ba4 Nf6 5. 0-0 Be7 6. Re1 b5 7. Bb3 0-0 8. h3 Bb7 9. d3 d5 10. exd5 Nxd5 11. Nxe5 Nxe5 12. Rxe5 Qd6 13. Re1 Rae8 14. Nd2 c5 15. Nf3 Bd8 16. Bd2 Bc7 17. Re4 Qd7 18. a4 Nb6 19. Rxe8 Rxe8 20. axb5 axb5 21. Ra7 Bxf3 22. Qxf3 c4 23. Rxc7 Qxc7 24. dxc4 bxc4 25. Ba2 Ra8 26. Bf4 Qd8 27. Qg3 Rxa2 28. Bh6 Qf8 29. Bxg7 Qxg7 30. Qb8+ Qf8 31. Qxb6 Ra1+ 32. Kh2 Rd1 0-1